000 00734nam a22001575i 4500
001 173816
003 ES-MaACL
005 20230906215343.0
008 100122s1855 sp |||| | spa d
100 1 _aGuerrero, Teodoro.
_9148902
245 1 3 _aLa escala del poder
_b: drama en tres actos y un prólogo /
_coriginal de Teodoro Guerrero.
260 _aMadrid :
_b[s.n.],
_c1855 (
_fImp. de José Rodríguez)
300 _a109 p. ;
_c17 cm.
500 _aEn port.: Representado por primera vez en el teatro del Príncipe el 19 de abril de 1855.
852 _aES-MaACL
_jF-8616(11)
_z.- Enc. pasta española
_q.- Falto de la cub. original
_z.- Enc. en un vol. facticio formando parte de la col. facticia "Teatro español moderno", vol. 71
999 _c173816
_d173816